header

Physics in biology and medicine (Record no. 120504)

MARC details
000 -LEADER
fixed length control field 01702nam a2200385 a 4500
082 04 - DEWEY DECIMAL CLASSIFICATION NUMBER
Classification number 571.4
100 1# - MAIN ENTRY--AUTHOR NAME
Personal name Davidovits, Paul.
245 10 - TITLE STATEMENT
Title Physics in biology and medicine
250 ## - EDITION STATEMENT
Edition statement 3rd ed.
260 ## - PUBLICATION, DISTRIBUTION, ETC. (IMPRINT)
Place of publication Amsterdam ;
-- Boston :
Name of publisher Elsevier/Academic Press,
Year of publication c2008.
300 ## - PHYSICAL DESCRIPTION
Number of Pages xviii, 328 p. :
Other physical details ill.
490 1# - SERIES STATEMENT
Series statement Complementary science series
505 0# - FORMATTED CONTENTS NOTE
Formatted contents note Static forces -- Friction -- Translational motion -- Angular motion -- Elasticity and strength of materials -- Insect flight -- Fluids -- The motion of fluids -- Heat and kinetic theory -- Thermodynamics -- Heat and life -- Waves and sound -- Electricity -- Electrical technology -- Optics -- Atomic physics -- Nuclear physics.
650 #0 - SUBJECT ADDED ENTRY--TOPICAL TERM
Topical Term Biophysics.
Topical Term Medical physics.
856 40 - ELECTRONIC LOCATION AND ACCESS
Uniform Resource Identifier http://site.ebrary.com/lib/rucke/Doc?id=10204351

No items available.

© 2026 Rongo University
Contact us: librarian | system librarian | Rongo university